<?xml version="1.0" encoding="UTF-8"?>
<record
    xmlns:xsi="http://www.w3.org/2001/XMLSchema-instance"
    xsi:schemaLocation="http://www.loc.gov/MARC21/slim http://www.loc.gov/standards/marcxml/schema/MARC21slim.xsd"
    xmlns="http://www.loc.gov/MARC21/slim">

  <leader>02753nam a2200289   4500</leader>
  <controlfield tag="001">ESSALUD</controlfield>
  <controlfield tag="005">20260701102912.0</controlfield>
  <controlfield tag="007">ta</controlfield>
  <controlfield tag="008">      t        pe ||||| |||| 00| 0 spa d</controlfield>
  <datafield tag="040" ind1=" " ind2=" ">
    <subfield code="a">BMG</subfield>
  </datafield>
  <datafield tag="041" ind1=" " ind2=" ">
    <subfield code="a">spa</subfield>
  </datafield>
  <datafield tag="100" ind1=" " ind2=" ">
    <subfield code="a">Casta&#xF1;eda Cruzado, Manuel Stefan </subfield>
    <subfield code="e">Autor</subfield>
    <subfield code="9">48375</subfield>
  </datafield>
  <datafield tag="245" ind1=" " ind2=" ">
    <subfield code="a">Los sujetos procesales, la Casaci&#xF3;n N&#xB0; 245-2023-L&#xED;ma y una evoluci&#xF3;n significativa en la aplicaci&#xF3;n del litisconsorcio necesario</subfield>
  </datafield>
  <datafield tag="246" ind1=" " ind2=" ">
    <subfield code="a">Procedural law subjects, Cassation N&#xB0; 245-2023-Lima, and a significant evolution in the application of permissive joinder</subfield>
  </datafield>
  <datafield tag="300" ind1=" " ind2=" ">
    <subfield code="a">p&#xE1;ginas 198-213</subfield>
  </datafield>
  <datafield tag="520" ind1=" " ind2=" ">
    <subfield code="a">El proceso civil se constituye como un mecanismo fundamental para la resoluci&#xF3;n de conflictos dentro del Estado de derecho, cuyo desarrollo v&#xE1;lido y eficaz depende de la participaci&#xF3;n coordinada de diversos actores. Estos, denominados sujetos procesales, no se limitan a las partes en conflicto (demandante y demandado), sino que engloban a todos los intervinientes con capacidad para realizar actos jur&#xED;dicos dentro del proceso, incluyendo al &#xF3;rgano jurisdiccional, sus auxiliares y terceros. Por lo tanto, los autores refieren que ofrecer una visi&#xF3;n integral de los sujetos procesales, analizando desde sus definiciones doctrinales b&#xE1;sicas hasta instituciones espec&#xED;ficas, es importante para sentar las bases conceptuales necesarias para entender su operatividad y relevancia en la pr&#xE1;ctica jur&#xED;dica.</subfield>
  </datafield>
  <datafield tag="520" ind1=" " ind2=" ">
    <subfield code="a">The civil process constitutes a fundamental mechanism for the resolution of disputes within the Rule of Law, whose valid and effective development depends on the coordinated participation of various actors. These actors, known as procedural subjects, are not limited to the parties in conflict (plaintiff and defendant, but encompass all participants with the legal capacity to perform procedural acts, Including the judicial authority, its auxiliary personnel, and third parties. Therefore, the authors suggest that providing a comprehensive overview of procedural subjects, from their basic doctrinal definitions to the examination of specific procedural Institutions, is essential for establishing the conceptual foundations necessary to understand their operability and significance in legal practice.</subfield>
  </datafield>
  <datafield tag="650" ind1=" " ind2=" ">
    <subfield code="a">SUJETOS PROCESALES</subfield>
    <subfield code="9">52978</subfield>
  </datafield>
  <datafield tag="650" ind1=" " ind2=" ">
    <subfield code="a">REPRESENTACION PROCESAL</subfield>
    <subfield code="9">52979</subfield>
  </datafield>
  <datafield tag="650" ind1=" " ind2=" ">
    <subfield code="a">LITISCONSORCIO</subfield>
    <subfield code="9">52980</subfield>
  </datafield>
  <datafield tag="650" ind1=" " ind2=" ">
    <subfield code="a">PROCEDURAL SUBJECTS</subfield>
    <subfield code="9">52981</subfield>
  </datafield>
  <datafield tag="650" ind1=" " ind2=" ">
    <subfield code="a">PROCEDURAL REPRESENTATION</subfield>
    <subfield code="9">52982</subfield>
  </datafield>
  <datafield tag="650" ind1=" " ind2=" ">
    <subfield code="a">JOINDER OF PARTIES</subfield>
    <subfield code="9">52983</subfield>
  </datafield>
  <datafield tag="700" ind1=" " ind2=" ">
    <subfield code="a">Flores Guzm&#xE1;n, Andrea Valeria </subfield>
    <subfield code="e">Autor</subfield>
    <subfield code="9">52984</subfield>
  </datafield>
  <datafield tag="773" ind1="0" ind2=" ">
    <subfield code="0">22573</subfield>
    <subfield code="9">22620</subfield>
    <subfield code="d">Lima Grupo Praxis Formaci&#xF3;n Profesional, 2026-</subfield>
    <subfield code="o">PRA001</subfield>
    <subfield code="t">Praxis Civil &amp; Procesal Civil</subfield>
    <subfield code="w">ESSALUD</subfield>
    <subfield code="x">3119-7671</subfield>
  </datafield>
  <datafield tag="942" ind1=" " ind2=" ">
    <subfield code="c">ARTICULOS</subfield>
    <subfield code="e">2026-06-30</subfield>
    <subfield code="z">sqb</subfield>
  </datafield>
  <datafield tag="999" ind1=" " ind2=" ">
    <subfield code="c">22582</subfield>
    <subfield code="d">22582</subfield>
  </datafield>
</record>
